Vista normal
Vista MARC
Entrada Personal Name
Número de registros utilizados en: 1
001 - CONTROL NUMBER
- control field: 25
003 - CONTROL NUMBER IDENTIFIER
- control field: DO-SdBNP
005 - DATE AND TIME OF LATEST TRANSACTION
- control field: 20160817141738.0
008 - FIXED-LENGTH DATA ELEMENTS
- fixed length control field: 160817|| aca||aabn | a|a d
040 ## - CATALOGING SOURCE
- Original cataloging agency: DO-SdBNP
100 1# - HEADING--PERSONAL NAME
- Personal name: Hermoso Oliveras, Julio
670 ## - SOURCE DATA FOUND
- Source citation: La chica de la capa roja: ¿quién tiene miedo?, 2011
- Information found: tomado de la contraportada